Podpora inovácií zavádzaním systémov manažérstva

Strategické rozhodovanie podnikateľských subjektov v podmienkach konkurencie si vyžaduje poznanie trhov, orientáciu na kvalitu a inovácie, ktoré majú dlhodobý a trvalý význam. Zavádzanie a ciele inovácií v organizáciách ako nevyhnutná súčasť podnikových stratégií.

Salvato in:
Dettagli Bibliografici
Autore principale: Karkalíková, Marta
Natura: Capitolo di libro
Lingua:slovacco
Soggetti:
Tags: Aggiungi Tag
Nessun Tag, puoi essere il primo ad aggiungerne!!

MARC

LEADER 00000nla a2200000 4500
001 0227810
005 20240502073743.4
041 0 |a slo 
044 |a SK 
245 1 0 |a Podpora inovácií zavádzaním systémov manažérstva  |c Marta Karkalíková 
520 |a Strategické rozhodovanie podnikateľských subjektov v podmienkach konkurencie si vyžaduje poznanie trhov, orientáciu na kvalitu a inovácie, ktoré majú dlhodobý a trvalý význam. Zavádzanie a ciele inovácií v organizáciách ako nevyhnutná súčasť podnikových stratégií. 
610 2 0 |a inovácia 
610 2 0 |a stratégia podniková 
610 2 0 |a stratégia inovačná 
610 2 0 |a procesy podnikové 
610 2 0 |a systémy riadenia 
610 2 0 |a konkurencieschopnosť 
100 1 |a Karkalíková, Marta